00380nam a2200109Ia 4500008004100000082001500041100002200056245007700078260003500155630001800190650006200208211109s9999||||xx |||||||||||||| ||und|| a920bCAR-H aCarlyle, Thomas,  0aHeroes, Hero - Worhsip And The Heroic In History Ed By Mrs Annie Russell bUn KnownaMadhya Pradeshc1924 xGeneral Stack aBiography, genealogy & insigniaxBiography- Autobiography